Music Quiz

Random Music or Rock Quiz

50 'Rock' Songs Quiz Stats

 Plays Quiz Updated Aug 21, 2014

Challenge
Share
Tweet
Embed
Score 0/50 Timer 09:00
6 Plays Today
% Correct
Champions
92.1%
One
91.3%
Drop
90.7%
Love
90.5%
Sex
90.2%
Stay
90.2%
Nite
89.8%
Let
89.7%
Clock
89.3%
Got
88.7%
Your
86.6%
School
86.6%
Roll
86.2%
Only
85.7%
Salute
85.5%
World
85.5%
Ages
85.4%
Live
85.4%
Hurricane
85.4%
Casbah
84.3%
Hard
84%
Crocodile
83.8%
USA
83.7%
Am
83.3%
Place
82.5%
% Correct
Singer
81.5%
God
81.5%
Forgets
81.1%
Anthem
80.9%
Time
80.6%
You
80.5%
Detroit
80%
Venus
79.1%
Long
78.3%
Age
78.2%
Jingle
77.7%
Hoochie
76.2%
Still
74%
Wanna
73.3%
Town
72.9%
Amadeus
72.8%
Star
71.8%
Lobster
69.9%
Remember
68.8%
Gently
67.8%
Cradle
66.2%
Life
64.8%
Heart
58.9%
King
58%
Loves
47.4%

You're not logged in!

Compare scores with friends on all Sporcle quizzes.
OR
Log In

You Might Also Like...

Show Comments

Extras

Top Quizzes Today


Score Distribution

Your Account Isn't Verified!

In order to create a playlist on Sporcle, you need to verify the email address you used during registration. Go to your Sporcle Settings to finish the process.

Report this User

Report this user for behavior that violates our Community Guidelines.

Details: